000 00442nam a2200181Ia 4500
001 20747
005 20260306172828.0
008 260306t2012||||xx |||||||||||||| ||spa||
041 _aESP
082 _a343.8
_bA47C
100 _aMatteucci Alva, Mario
_eAUT
245 0 _aManual práctico del impuesto general a las ventas
260 _c2012
300 _a451 P.
_c24 cm.
650 _aGEN
654 _aCDE
942 _cLIB
_dJUS
_fJUS
_2ddc
_n
999 _c20747
_d20747